[Event "Wch Seniors 65 29th"]
[Site "Bucharest"]
[Date "2019.11.15"]
[Round "4"]
[White "Ani, Virgil"]
[Black "Nastase, Stefan"]
[Result "0-1"]
[WhiteElo "1497"]
[BlackElo "1813"]
[PlyCount "80"]
[EventDate "2019.11.12"]
[EventType "swiss"]
[EventRounds "11"]
[EventCountry "ROU"]
[SourceTitle "CBM 193 Extra"]
[Source "ChessBase"]
[SourceDate "2020.01.31"]
[SourceVersion "1"]
[SourceVersionDate "2020.01.31"]
[SourceQuality "1"]

1. a3 Nf6 2. Nc3 g6 3. g3 Bg7 4. Bg2 c5 5. Nf3 0-0 6. 0-0 d5 7. d4 cxd4 8. Nxd4 Nc6 9. Nxc6 bxc6 10. Rb1 e5 11. Bg5 h6 12. Bd2 Bf5 13. Re1 e4 14. Qc1 Kh7 15. e3 Nd7 16. Ne2 Ne5 17. Bc3 Qd7 18. Bxe5 Bxe5 19. c3 Bg4 20. Qd2 Bf3 21. Bxf3 exf3 22. Nd4 Bxd4 23. Qd1 Bg7 24. Qxf3 f5 25. Red1 Qe6 26. Rd3 Rab8 27. b4 Qe4 28. Qd1 Qc4 29. f3 Rfe8 30. Rc1 Re7 31. Kf2 Qa2+ 32. Rc2 Qxa3 33. Qb1 Qa6 34. Ra2 Qc4 35. Qc2 h5 36. h3 Rbe8 37. Ra3 d4 38. e4 fxe4 39. fxe4 Rxe4 40. Rxa7 Re2+ 0-1

[Event "Arad op 10th"]
[Site "Arad"]
[Date "2017.08.06"]
[Round "1"]
[White "Petrisor, Adrian Marian"]
[Black "Nastase, Stefan"]
[Result "1-0"]
[WhiteElo "2372"]
[BlackElo "1868"]
[PlyCount "55"]
[EventDate "2017.08.06"]
[EventType "swiss"]
[EventRounds "9"]
[EventCountry "ROU"]
[SourceTitle "CBM 179 Extra"]
[Source "ChessBase"]
[SourceDate "2017.08.23"]
[SourceVersion "1"]
[SourceVersionDate "2017.08.23"]
[SourceQuality "1"]

1. e4 g6 2. d4 Bg7 3. Nc3 d6 4. f4 c6 5. Nf3 Bg4 6. Be2 Nf6 7. e5 Nfd7 8. Ng5 Be6 9. Nxe6 fxe6 10. Ne4 Nf8 11. 0-0 d5 12. Ng5 Qb6 13. Bg4 c5 14. dxc5 Qc6 15. Be3 Na6 16. Qd4 h6 17. Nf3 Nc7 18. b4 a5 19. a3 a4 20. Qd3 Qb5 21. Nd4 Qxd3 22. cxd3 Kf7 23. b5 h5 24. Bh3 Bh6 25. b6 Ne8 26. c6 bxc6 27. b7 Rb8 28. Nxc6 1-0

[Event "ROM-ch"]
[Site "Baile Olanesti"]
[Date "2013.02.18"]
[Round "3"]
[White "Ionita, Ioan"]
[Black "Nastase, Stefan"]
[Result "0-1"]
[WhiteElo "1741"]
[BlackElo "1938"]
[PlyCount "69"]
[EventDate "2013.02.16"]
[EventType "swiss"]
[EventRounds "11"]
[EventCountry "ROU"]
[SourceTitle "CBM 153 Extra"]
[Source "ChessBase"]
[SourceDate "2013.04.22"]
[SourceVersion "1"]
[SourceVersionDate "2013.04.22"]
[SourceQuality "1"]

1. e4 g6 2. d4 Bg7 3. Nc3 d6 4. Nf3 Nf6 5. h3 0-0 6. Be3 a6 7. a4 a5 8. Be2 c6 9. 0-0 Qc7 10. Qd2 Na6 11. Bh6 Nb4 12. Bxg7 Kxg7 13. Rfe1 Rd8 14. Bd3 e5 15. Qe3 Nh5 16. Ne2 b6 17. c3 Nxd3 18. Qxd3 Ba6 19. Qd2 Bxe2 20. Rxe2 Nf4 21. Ree1 h6 22. Kh2 Qe7 23. g3 Ne6 24. Qe3 Ng5 25. Rad1 Qf6 26. Nxg5 hxg5 27. Rd2 Rh8 28. Kg2 Qe6 29. g4 Qf6 30. dxe5 dxe5 31. Red1 Rad8 32. Qxb6 Rxh3 33. Kxh3 Qf3+ 34. Kh2 Rh8+ 35. Kg1 0-1

[Event "ROM-ch sf"]
[Site "Baile Tusnad"]
[Date "1999.??.??"]
[Round "1"]
[White "Ionescu, Doru Alexandru"]
[Black "Nastase, Stefan"]
[Result "1-0"]
[WhiteElo "2330"]
[BlackElo "2095"]
[PlyCount "56"]
[EventDate "1999.09.??"]
[EventType "swiss"]
[EventRounds "9"]
[EventCountry "ROU"]
[SourceTitle "EXT 2000"]
[Source "ChessBase"]
[SourceDate "1999.11.16"]
[SourceVersion "1"]
[SourceVersionDate "1999.11.16"]
[SourceQuality "1"]

1. e4 d6 2. d4 Nf6 3. Nc3 g6 4. f4 Bg7 5. Nf3 0-0 6. Bd3 a6 7. 0-0 c5 8. dxc5 dxc5 9. a4 Bg4 10. h3 Bxf3 11. Qxf3 Nc6 12. Be3 Nd4 13. Qf2 Ne8 14. Rad1 e6 15. e5 f6 16. exf6 Nxf6 17. Ne4 Nxe4 18. Bxe4 e5 19. c3 exf4 20. Bc1 Re8 21. Bd3 Qd5 22. Kh1 Nf5 23. Qxf4 Qe5 24. Bxf5 Qxf4 25. Rxf4 gxf5 26. Rxf5 b6 27. a5 bxa5 28. Rxc5 Re2 1-0